000 00895nam a2200253Ia 4500
003 OSt
005 20220923212421.0
006 a|||||r|||| 00| 0
007 ta
008 220922b |||||||| |||| 00| 0 hin d
024 _a152,773
037 _cTextual
040 _aARTS
_cARTS
_bhin
041 _2hin
_ahin
082 _aO122,2K22,JB, 152M2
100 _aमोलियर; कौशल, जितेन्द्र, अनु.
_9162461
245 0 _aजय बाबा गोपीनाथ
246 _aJaya bābā gopīnātha
260 _aनई दिल्ली
_b अरूण प्रकाशन
_c1982
300 _a72 पृ.
_ccm.
650 _aहिन्दी साहित्य
_9156264
942 _hO122,2K22,JB, 152M2
_cTEXL
_2CC
999 _c308422
_d308422